Шипка - Бузлуджа (Запис номер 460345)
[ съкратено ]
| 000 -Лидер | |
|---|---|
| Контролно поле с фиксирана дължина | nam a22 a 4500 |
| 003 - Код на организацията, давaща контролен номер | |
| Контролно поле | BLK |
| 005 - Дата и час на последна редакция | |
| Контролно поле | 20220610124209.0 |
| 008 - Елементи от данни с фиксирана дължина | |
| fixed length control field | 200423b bu ||||| |||| 00| 0 bu d |
| 040 ## - Източник на каталожния запис | |
| Идентификатор на билиотеката - собственик на записа | BLK |
| 041 ## - Код за език | |
| Код за езика на текст/звукозапис или на отделно заглавие | Български |
| Код за езика КДБФ | Български |
| 080 ## - УДК | |
| Текстов определител УДК | История на България |
| УДК код - определител по УДК | 94(497.2) |
| УДК - код + определител | 94(497.2)(026) |
| 080 ## - УДК | |
| Текстов определител УДК | Комунистически партии. Вж и 327.323 |
| УДК код - определител по УДК | 329.15 |
| УДК - код + определител | 329.15(497.2)БКП(026) |
| 100 ## - Редна дума - Автор | |
| Автор | Цанов, Емил |
| Авторска отговорност | първи автор |
| R(LIN) | 1299 |
| 139 ## - Редно поле | |
| Редна дума | Цанов, Емил |
| 245 ## - Сведения за заглавието | |
| Заглавие | Шипка - Бузлуджа |
| Подзаглавни данни | Албум - пътеводител на Националния парк-музей |
| Редно поле (дума) | Емил Цанов |
| 257 ## - Страна на издаване | |
| Страна на създаване/издаване | България |
| 260 ## - Област на издателските данни | |
| 9 (RLIN) | 216512 |
| Име на издателя, разпространителя и проч. | Бълг. художник |
| Година на издаване | 1967 |
| Място на издаване, разпространение и проч. | София |
| Издателство - префикс ISBN | 954-406- |
| 300 ## - Физическа характеристика | |
| Страници | 77 с. |
| Илюстрации и др. | с к., ил., сн. |
| Размери/Мащаб | 20 см |
| 380 ## - Жанр | |
| Жанр | История |
| 650 #0 - Допълнително описание по предмет – тема | |
| 9 (RLIN) | 252814 |
| Основно описание – тема или топоним | Исторически паметници - България |
| 651 #7 - Допълнително описание по предмет - топоним | |
| 9 (RLIN) | 179803 |
| Географско понятие | Шипка |
| 651 #7 - Допълнително описание по предмет - топоним | |
| 9 (RLIN) | 178673 |
| Географско понятие | Бузлуджа |
| 653 #7 - Ключова дума – ненормативна | |
| 9 (RLIN) | 195008 |
| Ключова дума | пътеводители |
| 852 ## - Местоположение | |
| Форматна сигнатура | Цб 43856 |
| Фондова буква | Хранилище |
| 999 ## - СИСТЕМНИ КОНТРОЛНИ НОМЕРА | |
| Koha biblionumber | 460345 |
| Koha biblioitemnumber | 460345 |
| 942 ## - АРТИКУЛИ | |
| Вид на библиотечния материал | Книги |
| Скрит в OPAC | Не |
| Периодичен библиозапис | Да |
| 944 ## - СЪЗДАВАНЕ И РЕДАКЦИЯ на ЗАПИСА | |
| Създаване/Редакция | Създаване |
| Дата на регистрацията/редакция | 2022-06-10 |
| Служител, извършил регистрацията/редакцията | нр |
| Код за отписване | Код за изгубен артикул | Източник на класификационната схема | Код за повреда | Коз за рестрикции | Код за отдаване | Артикулен № | Име на библиотеката - собственик | Име на библиотеката, в която се намира в момента | Статус (Текущо местоположение) | Дата на вписване в системата | Местоположение - отдел | Цена в лева | Инвентарен номер | Систематично азбучна сигнатура | Баркод | Цена в евро | Служебен тип на артикула |
|---|---|---|---|---|---|---|---|---|---|---|---|---|---|---|---|---|---|
| Не е изгубен | Universal Decimal Classification | Не е повреден | само за читалня | ползва се в читалня | 889600 | Регионална библиотека "Любен Каравелов" Русе | Регионална библиотека "Любен Каравелов" Русе | Хранилище | 2022-06-14 | Хранилище | 0.00 | 4010/68 | Цб 43856 | 900000100742 | 0.00 | Книги |